000 00442nam a2200169Ia 4500
008 230711s9999||||xx |||||||||||||| ||und||
020 _a978-81-224-2202-3
041 _aENG
082 _a669
_bRE-P
100 _areddy,Kirishna L
245 0 _aPrinciples of engineering metallurgy
250 _a2nd Ed.
260 _c2015
_aNew Delhi
_bNew Age International Publishers
300 _a306p.
650 _aMechanical Engineering
942 _cBK
999 _c6108
_d6108